• 首页
  • 本馆介绍
  • 公告通知
  • 最新文献
  • 馆藏检索
  • 电子资源
  • 读者导购
  • 参考咨询
  • 我的图书馆
  • 登录
  • 详细信息显示
  • 放入我的书架
  • 预约/预借图书
  • 作者相关作品
  • 分类相关作品
  • 丛书相关作品
  • 出版社相关作品

书目信息

  • 表格格式
  • 工作单格式
  • 卡片格式
题名:
细胞生理学手册
    
 
作者: 斯皮尔莱克斯 ;张志鸿导读
分册:  
出版信息: 北京   科学出版社  2013
页数: 970
开本: 23cm
丛书名:
单 册:
中图分类: Q52
科图分类:
主题词: 核酸
电子资源:
ISBN: 7-03-037526-1
000 00719nam0 2200205 450
001 1735846483
005 20170410095726.48
010    @a7-03-037526-1@d¥148.00
100    @a20170410d km y0chiy0120 ea
101 0  @achi
200 1  @a细胞生理学手册@Axi bao sheng li xue shou ce@e膜生物物理学精要(下)英文版@f斯皮尔莱克斯(Sperelakis,N.)@Fsi pi er lai ke si(Sperelakis,N.)@g张志鸿导读@Gzhang zhi hong dao du
205    @a4版
210    @a北京@c科学出版社@d2013
215    @a970@d23cm
606 0  @a核酸
690    @aQ52@v4
701  0 @a斯皮尔莱克斯@Asi pi er lai ke si@bSperelakis,N.
702  0 @a张志鸿导读@Azhang zhi hong dao du
801  0 @aCN@b大连网信软件有限公司图书馆·11@c20170410
905    @b6604435@dQ52@en4@f1
    
    细胞生理学手册:膜生物物理学精要(下)英文版/斯皮尔莱克斯(Sperelakis,N.)/张志鸿导读.-4版.-北京:科学出版社,2013
    970;23cm
    
    
    ISBN 7-03-037526-1:¥148.00
    
●
相关链接 在E读中查询图书 在五车中查询图书 在当当中查询图书 在豆瓣中查询图书


正题名:细胞生理学手册     索取号:Q52/n4         预约/预借

序号 登录号 条形码 馆藏地/架位号 状态 备注
1 6604435   266044354   密集书库-生命科学系/ [索取号:Q52/n4] 在馆    
唐山师范学院图书馆 欢迎您!
大连网信软件有限公司© 版权所有